Rada Ministrów - polski rząd - Statystyki

Ogólne statystyki
  • Ten quiz został rozwiązany 287 razy
  • Średni wynik to 7 z 15
Statystyki odpowiedzi
prezes odpowiedź % Poprawnych
Prezes RM Mateusz Morawiecki
98%
Minister Sprawiedliwości Zbigniew Ziobro
79%
Minister obrony narodowej Mariusz Błaszczak
74%
Wiceprezes RM, przewodnicząca Komitetu Społecznego RM Beata Szydło
66%
Minister edukacji narodowej Anna Zalewska
58%
Wiceprezes RM, minister nauki i szkolnictwa wyższego Jarosław Gowin
58%
Wiceprezes RM, minister kultury i dziedzictwa narodowego Piotr Gliński
50%
Minister sportu i turystyki Witold Bańka
41%
Minister spraw wewnętrznych i administracji Joachim Brudziński
35%
Minister zdrowia Łukasz Szumowski
35%
Minister spraw zagranicznych Jacek Czaputowicz
31%
Minister rolnictwa i rozwoju wsi Jan Ardanowski
24%
Minister infrastruktury Andrzej Adamczyk
20%
Minister energii Krzysztod Tchórzewski
11%
Minister finansów Teresa Czerwińska
11%
Nie znaleziono quizów pasujących do podanych kryteriów
Rozkład punktacji
Procent ludzi z każdym wynikiem
Percentyl według liczby udzielonych odpowiedzi
Twoja historia wyników
Nie rozwiązałeś tego quizu